000 01244naa a22003257a 4500
001 BR7703223
003 BR-BrBNA
005 20240918174001.0
007 ta
008 230509b bl.||||| |||| 00| 0 por d
040 _aBR-BrBNA
_bpor
_cBiblioteca Nacional de Agricultura
041 _a(Pt)
072 _aH60; F70
_b1910
_b1930
_bG514
090 _aH60 BR7703223
100 1 _aGemtchujnicov, I.D. de
100 1 _aAlmeida, F.M. de
100 1 _aLopes, E.A.
111 1 _a26. Congresso Nacional de Botanica
_cRio de Janeiro, RJ (Brazil)
_d26 Jan 1977
245 1 _aAnalise fitossociogica de pastagens artificiais da fazenda A.B. (S.P.)(Nota previa)[Graminea forrageira; Setaria anceps; Agudos; Sao Paulo; Brasil]
260 3 _aRio de Janeiro, RJ (Brasil):
_c1977.
500 _aTrabalhos do 26. Congresso Brasileiro de Botanica Rio de Janeiro, RJ (Brasil): 1977. p. 221-224 (BR7703223-AM)H60
650 _aErva daninha
650 _aTaxonomia vegetal
650 _aPastagem
650 _aGraminea forrageira
650 _aSao Paulo
773 0 _tTrabalhos do 26. Congresso Brasileiro de Botanica
_wH60 BR7703223
_gRio de Janeiro, RJ (Brasil), 1977. p. 221-224
909 _a202404
_bLucia
_c55
_dLucia Elande
942 _cAM
_2AGRIS
999 _c308138
_d308138